000 00656nam a22001577a 4500
003 OSt
005 20151002092602.0
008 151002b xxu||||| |||| 00| 0 eng d
040 _cRUA
082 _aAVM ទូច 1989 B065 Or.1
100 _91714
_aទូច វុធ
245 _aការប្រើប្រាស់សេរ៉ូមដែលត្រូវច្រើនមុខ(សេរ៉ូមពហុវ៉ាឡង) ក្នុងពេលដែលមានកើត ជម្ងឺសាលម៉ូណែឡសទៅលើ កូនជ្រូក
260 _aPhnom Penh
_bRUA
_c1989
300 _a90p.
_bill.
_c29cm.
942 _2ddc
_cAVM
999 _c1618
_d1618